00536nam a2200181 a 45000010010000000030011000100080041000210350026000620820017000881000024001052450034001292600034001636500019001979420012002169520091002289980020003199990015003390000-8634ELIB.Books110520 1973  a(ELIB.Books)0000-8780 a248.845 bDe aDe Haan, Richard W. aThe Wonderful Difficult Years bWheatons: Victor Books c1973 aChristian Life 2ddccBK 00102ddc4070aKBTSbKBTSd2011-05-20l0p10342r2022-01-22 00:00:00w2022-01-22yBK cbate2011-05-20 c8634d8634